00510 2200181 4500245008700000020001800087250001200105100001400117700002400131700001700155650003700172005001900209260004200228041001400270084001100284300002400295336000900319 aPandai Berbahasa Inggris b : Kamus Ungkapan Indonesia - InggriscHadi PodohText a979-655-202-7 aCet. 10 aHadi Podo aSullivan, Joseph J. aNung Atasana aKamus Ungkapan Indonesia Inggris a20230511134301 aJakartabGramedia Pustaka Utamac1999 aIndonesia a413.21 a1513 hlm. :c21 cm. atext